000 00409nam a2200157Ia 4500
008 230711s9999||||xx |||||||||||||| ||und||
041 _aENG
082 _a720
_bAB-T
100 _aAbouchar, A
245 0 _aTransportation economics and public policy : With urban extensions
250 _a1st Ed.
260 _c1977
_aNew York
_bJohn Wiley & Sons.Inc
300 _a326
650 _aArchitecture
942 _cBK
999 _c1951
_d1951